[Event "Sardegna Region-ch"]
[Site "Capoterra"]
[Date "2012.05.26"]
[Round "4"]
[White "Marano, Daniele"]
[Black "Moi, Federico"]
[Result "1-0"]
[WhiteElo "1727"]
[BlackElo "1532"]
[PlyCount "81"]
[EventDate "2012.05.19"]
[EventType "swiss"]
[EventRounds "6"]
[EventCountry "ITA"]
[SourceTitle "EXT 2014"]
[Source "ChessBase"]
[SourceDate "2013.11.20"]
[SourceVersion "1"]
[SourceVersionDate "2013.11.20"]
[SourceQuality "1"]

1. e4 e5 2. Nf3 Nc6 3. Bc4 Bc5 4. c3 Nf6 5. d3 a6 6. Nbd2 h6 7. Nf1 d6 8. Bb3 Ne7 9. Ng3 b5 10. 0-0 Be6 11. d4 exd4 12. cxd4 Bxb3 13. Qxb3 Bb6 14. Be3 0-0 15. a4 c6 16. h3 Qd7 17. e5 Nfd5 18. exd6 Qxd6 19. Ne4 Qg6 20. Nc3 Bc7 21. Nxd5 Nxd5 22. Ne5 Qd6 23. Rfc1 Ne7 24. axb5 cxb5 25. Rc5 Bb6 26. Qc3 Bxc5 27. dxc5 Qc7 28. Rc1 Nd5 29. Qd4 Nxe3 30. Qxe3 Rfe8 31. f4 Kh8 32. Qb3 Re7 33. c6 Rae8 34. Re1 Re6 35. Qd5 Kg8 36. Rc1 f6 37. Qd7 Qb6+ 38. Kh1 R6e7 39. Qd5+ Re6 40. f5 fxe5 41. fxe6 1-0

[Event "Sardegna Region-ch"]
[Site "Capoterra"]
[Date "2012.05.20"]
[Round "3"]
[White "Moi, Federico"]
[Black "Di Pinto, Vincenzo"]
[Result "1-0"]
[WhiteElo "1532"]
[BlackElo "1609"]
[PlyCount "46"]
[EventDate "2012.05.19"]
[EventType "swiss"]
[EventRounds "6"]
[EventCountry "ITA"]
[SourceTitle "EXT 2014"]
[Source "ChessBase"]
[SourceDate "2013.11.20"]
[SourceVersion "1"]
[SourceVersionDate "2013.11.20"]
[SourceQuality "1"]

1. e4 c5 2. Nf3 Nc6 3. d4 cxd4 4. Nxd4 d6 5. Nc3 Nf6 6. Be2 g6 7. Be3 Bg7 8. 0-0 0-0 9. h3 a6 10. a3 Qc7 11. Qd2 Re8 12. Rad1 e5 13. Nxc6 bxc6 14. Qxd6 Qb7 15. b4 Be6 16. Qd2 a5 17. b5 Red8 18. bxc6 Qxc6 19. Bb5 Qc7 20. Bd3 a4 21. Rb1 Bf8 22. Bb6 Qe7 23. Bxd8 Rxd8 1-0

[Event "Sardegna Region-ch"]
[Site "Capoterra"]
[Date "2012.05.19"]
[Round "1"]
[White "Moi, Federico"]
[Black "Putzolu, Marcello"]
[Result "0-1"]
[WhiteElo "1532"]
[BlackElo "1809"]
[PlyCount "46"]
[EventDate "2012.05.19"]
[EventType "swiss"]
[EventRounds "6"]
[EventCountry "ITA"]
[SourceTitle "EXT 2014"]
[Source "ChessBase"]
[SourceDate "2013.11.20"]
[SourceVersion "1"]
[SourceVersionDate "2013.11.20"]
[SourceQuality "1"]

1. e4 c5 2. Nf3 d6 3. d4 cxd4 4. Nxd4 Nf6 5. Nc3 a6 6. Be2 e6 7. 0-0 Be7 8. Be3 0-0 9. h3 b5 10. a3 Bb7 11. Bf3 Nbd7 12. Nde2 Ne5 13. Ng3 Nxf3+ 14. Qxf3 d5 15. Rad1 Qa5 16. exd5 Nxd5 17. Bd4 Qc7 18. Bxg7 Kxg7 19. Qg4+ Kh8 20. Nxd5 Bxd5 21. Nh5 Qe5 22. f4 Qe3+ 23. Kh1 Rg8 0-1